Art and architecture in Neolithic Orkney : process, temporality and context /

This text offers a groundbreaking analysis of Neolithic art and architecture in Orkney, focusing upon the incredible collection of hundreds of decorated stones being revealed by the current excavations at the Ness of Brodgar.

محفوظ في:

المؤلف الرئيسي: Thomas, Antonio (مؤلف)

التنسيق: كتاب الكتروني

اللغة: English

منشور في: Oxford : Archaeopress, [2016]

سلاسل: University of the Highlands and Islands Archaeology Institute research series ; 1.

الموضوعات:

الوصول للمادة أونلاين: Login to view Source

الوسوم: إضافة وسم

لا توجد وسوم, كن أول من يضع وسما على هذه التسجيلة!

رقم الطلب: NK1183

LEADER 01943nam a2200421 i 4500
001 EDZ0001585145
003 StDuBDS
005 20230412181824.0
006 m|||||o||d||||||||
007 cr |||||||||||
008 160927s2016 enka fo 000|0|eng|d
020 |a 9781784914349 (ebook) :  |c No price 
040 |a StDuBDS  |b eng  |c StDuBDS  |e rda  |e pn 
050 4 |a NK1183 
082 0 4 |a 709.3611  |2 23 
100 1 |a Thomas, Antonio,  |e author. 
245 1 0 |a Art and architecture in Neolithic Orkney :  |b process, temporality and context /  |c Antonia Thomas. 
264 1 |a Oxford :  |b Archaeopress,  |c [2016] 
300 |a 1 online resource :  |b illustrations (black and white, and colour). 
336 |a text  |2 rdacontent 
336 |a still image  |2 rdacontent 
337 |a computer  |2 rdamedia 
338 |a online resource  |2 rdacarrier 
490 1 |a University of the Highlands and Islands Archaeology Institute research series ;  |v 1 
500 |a Previously issued in print: 2016. 
520 8 |a This text offers a groundbreaking analysis of Neolithic art and architecture in Orkney, focusing upon the incredible collection of hundreds of decorated stones being revealed by the current excavations at the Ness of Brodgar. 
521 |a Specialized. 
588 |a Description based on online resource; title from home page (viewed on November 11, 2016). 
650 0 |a Neolithic period  |z Scotland  |z Orkney. 
651 0 |a Orkney (Scotland)  |x Antiquities. 
650 0 |a Art, Ancient  |z Scotland  |z Orkney. 
650 0 |a Architecture, Ancient  |z Scotland  |z Orkney. 
776 0 8 |i Print version :  |z 9781784914332 
830 0 |a University of the Highlands and Islands Archaeology Institute research series ;  |v 1. 
856 4 0 |3 Archaeopress  |u http://library.arce.org:8087/Archaeopress/Products/9781784914332 
942 |2 lcc  |c EBOOK 
952 |0 0  |1 0  |4 0  |6 NK1183  |7 1  |9 46195  |a ARCH  |b ARCH  |d 2023-04-12  |l 0  |o NK1183  |r 2023-04-12 00:00:00  |w 2023-04-12  |y EBOOK 
999 |c 51853  |d 51853